书目信息 |
| 题名: |
TIME《时代》周刊精选阅读与词汇突破
|
|
| 作者: | 利昂诺, 编著 ;丁大刚 , 庄小荣 编写 | |
| 分册: | ||
| 出版信息: | 大连 大连理工大学出版社 2006.01 |
|
| 页数: | 435页 | |
| 开本: | 21cm | |
| 丛书名: | ||
| 单 册: | ||
| 中图分类: | H319.4 | |
| 科图分类: | ||
| 主题词: | 英语--ying yu--语言读物 | |
| 电子资源: | ||
| ISBN: | 7-5611-3006-6 | |
| 000 | 01047nam0 2200241 450 | |
| 001 | 012006601915 | |
| 005 | 20060905100934.51 | |
| 010 | @a7-5611-3006-6@dCNY25.00 | |
| 100 | @a20060611d2006 km y0chiy0120 ea | |
| 101 | 0 | @achi@aeng |
| 102 | @aCN@b210000 | |
| 105 | @aa z 000yy | |
| 200 | 1 | @aTIME《时代》周刊精选阅读与词汇突破@ATIME《shi dai》zhou kan jing xuan yue du yu ci hui tu po@f(美) Linda Schinke Liano编著@F(mei)Linda Schinke Liano bian zhu@g丁大刚, 庄小荣编写@Gding da gang,zhuang xiao rong bian xie |
| 210 | @a大连@c大连理工大学出版社@d2006.01 | |
| 215 | @a435页@c图@d21cm | |
| 330 | @a本书从历年《时代》周刊中精选了最具代表性的经典范文,涵盖反映了美国当代生活的7大类:生活方式、教育、自然环境、科学与技术、健康与保健、运动与娱乐、时尚与流行。 | |
| 606 | 0 | @a英语@Aying yu@j语言读物 |
| 690 | @aH319.4@v4 | |
| 701 | 1 | @a利昂诺,@Ali ang nuo,@bL. S.@g(Liano, Linda Schinke)@4编著 |
| 702 | 0 | @a丁大刚@Ading da gang@4编写 |
| 702 | 0 | @a庄小荣@Azhuang xiao rong@4编写 |
| 801 | 0 | @aCN@bQSSK@c20060905 |
| 905 | @a10447@dH319.4@eL365 | |
| TIME《时代》周刊精选阅读与词汇突破/(美) Linda Schinke Liano编著/丁大刚, 庄小荣编写.-大连:大连理工大学出版社,2006.01 |
| 435页:图;21cm |
| ISBN 7-5611-3006-6:CNY25.00 |
| 本书从历年《时代》周刊中精选了最具代表性的经典范文,涵盖反映了美国当代生活的7大类:生活方式、教育、自然环境、科学与技术、健康与保健、运动与娱乐、时尚与流行。 |
| ● |
| 相关链接 |
|
|
|
正题名:TIME《时代》周刊精选阅读与词汇突破
索取号:H319.4/L365
 
预约/预借
| 序号 | 登录号 | 条形码 | 馆藏地/架位号 | 状态 | 备注 |
| 1 | 585684 | 205856849 | 语言库209/ [索取号:H319.4/L365] | 在馆 | |
| 2 | 585685 | 205856858 | 语言库209/ [索取号:H319.4/L365] | 在馆 | |
| 3 | 585686 | 205856867 | 语言库209/ [索取号:H319.4/L365] | 在馆 |